[Event "Bhubaneswar SOA op 1st"]
[Site "Bhubaneswar"]
[Date "2024.02.01"]
[Round "6"]
[White "Fawzy, Adham"]
[Black "Aakash Sharadchandra, Dalvi"]
[Result "1-0"]
[WhiteElo "2522"]
[BlackElo "2180"]
[PlyCount "71"]
[EventDate "2024.01.28"]
[EventType "swiss"]
[EventRounds "10"]
[EventCountry "IND"]
[SourceTitle "CB06_2024"]
[SourceDate "2024.02.07"]
[SourceVersion "1"]
[SourceVersionDate "2024.02.07"]
[SourceQuality "1"]

1. e4 c5 2. Nf3 Nc6 3. Bb5 Nf6 4. Nc3 g6 5. 0-0 Bg7 6. Re1 0-0 7. e5 Ng4 8. Bxc6 dxc6 9. h3 Nh6 10. Ne4 b6 11. Ng3 Nf5 12. Nxf5 Bxf5 13. b3 Qc7 14. d3 Rad8 15. Bf4 h6 16. Qc1 g5 17. Bg3 Qc8 18. a4 Bg6 19. Nd2 f5 20. f4 gxf4 21. Bxf4 Kh7 22. Qd1 Rg8 23. Qf3 Bf7 24. Qf2 Bf8 25. Re3 Bd5 26. Rg3 Rxg3 27. Qxg3 Bg7 28. Qh4 Qd7 29. Re1 Rg8 30. Re2 Bf8 31. e6 Bxe6 32. Nf3 Rg6 33. Ne5 Qd4+ 34. Kh2 Rf6 35. Bg5 Qxh4 36. Bxh4 1-0

[Event "Krakow op-A 34th"]
[Site "Krakow"]
[Date "2023.12.28"]
[Round "2"]
[White "Panek, Bartosz"]
[Black "Aakash Sharadchandra, Dalvi"]
[Result "0-1"]
[WhiteElo "2232"]
[BlackElo "2130"]
[PlyCount "60"]
[EventDate "2023.12.27"]
[EventType "swiss"]
[EventRounds "9"]
[EventCountry "POL"]
[SourceTitle "CB02_2024"]
[SourceDate "2024.01.10"]
[SourceVersion "1"]
[SourceVersionDate "2024.01.10"]
[SourceQuality "1"]

1. e4 c5 2. Nf3 e6 3. c3 Nf6 4. e5 Nd5 5. a3 d6 6. d4 cxd4 7. c4 Nc7 8. Bg5 Be7 9. Bxe7 Qxe7 10. exd6 Qxd6 11. Qxd4 Qxd4 12. Nxd4 e5 13. Nf3 Nc6 14. Nc3 Bg4 15. Be2 0-0-0 16. 0-0 f5 17. h3 Bxf3 18. Bxf3 e4 19. Bd1 Rd2 20. b4 Rhd8 21. Rc1 R8d3 22. f3 e3 23. Re1 Nd4 24. Kf1 Rf2+ 25. Kg1 f4 26. Ne4 Rdd2 27. g3 Rxd1 28. Nxf2 Rxe1+ 29. Rxe1 Nxf3+ 30. Kf1 exf2 0-1

[Event "Sitges Sunway op 10th"]
[Site "Sitges"]
[Date "2023.12.20"]
[Round "8"]
[White "Aakash Sharadchandra, Dalvi"]
[Black "Samaganova, Alexandra"]
[Result "1-0"]
[WhiteElo "2130"]
[BlackElo "1827"]
[PlyCount "95"]
[EventDate "2023.12.12"]
[EventType "swiss"]
[EventRounds "10"]
[EventCountry "ESP"]
[SourceTitle "CB52_2023"]
[SourceDate "2023.12.27"]
[SourceVersion "1"]
[SourceVersionDate "2023.12.27"]
[SourceQuality "1"]

1. d4 Nf6 2. c4 e6 3. Nc3 Bb4 4. Bd2 b6 5. Nf3 Bb7 6. e3 0-0 7. Bd3 c5 8. dxc5 bxc5 9. 0-0 h6 10. a3 Ba5 11. Rc1 Nc6 12. Na4 d6 13. Bxa5 Qxa5 14. Qc2 Rac8 15. Rfd1 Rfd8 16. h3 Rd7 17. Nc3 Ne7 18. Be2 Bc6 19. Rd2 Rb8 20. Rcd1 Rdb7 21. Qc1 Nc8 22. Ne1 a6 23. Bd3 Qc7 24. e4 Rb6 25. Bc2 Nd7 26. Nd3 a5 27. e5 d5 28. cxd5 exd5 29. Nf4 Ne7 30. Nfxd5 Nxd5 31. Nxd5 Bxd5 32. Rxd5 Nxe5 33. Qe3 Re6 34. Rxc5 Qe7 35. Qc3 g6 36. Bb3 Rxb3 37. Rc8+ Kg7 38. Qxb3 Qg5 39. Qb8 Qe7 40. Rg8+ Kf6 41. Qd8 Qxd8 42. Rgxd8 Nc4 43. b4 axb4 44. axb4 Rb6 45. R8d4 Ne5 46. Rd6+ Rxd6 47. Rxd6+ Ke7 48. Rd1 1-0

[Event "Benidorm Bali op-A"]
[Site "Benidorm"]
[Date "2023.12.08"]
[Round "9"]
[White "Escartin Lacasa, Jose"]
[Black "Aakash Sharadchandra, Dalvi"]
[Result "0-1"]
[WhiteElo "2272"]
[BlackElo "2130"]
[PlyCount "80"]
[EventDate "2023.12.01"]
[EventType "swiss"]
[EventRounds "9"]
[EventCountry "ESP"]
[SourceTitle "CB50_2023"]
[SourceDate "2023.12.13"]
[SourceVersion "1"]
[SourceVersionDate "2023.12.13"]
[SourceQuality "1"]

1. d4 d5 2. Nf3 e6 3. g3 c5 4. Bg2 cxd4 5. 0-0 Nf6 6. Nxd4 e5 7. Nb3 Be6 8. Nc3 Be7 9. f4 exf4 10. gxf4 g6 11. Kh1 Nc6 12. Be3 0-0 13. Bg1 Re8 14. Nd4 Nxd4 15. Qxd4 Qd7 16. Rad1 Red8 17. Qf2 Qc6 18. Qh4 Bf5 19. Bd4 Qe6 20. Qf2 Bxc2 21. Rc1 Bf5 22. Bxa7 Ne4 23. Nxe4 Bxe4 24. Bb6 Rdc8 25. Bxe4 Qxe4+ 26. Kg1 Bf6 27. f5 g5 28. Rxc8+ Rxc8 29. Qg2 Rc2 30. Qxe4 dxe4 31. b3 Rxa2 32. Rc1 Rxe2 33. Rc8+ Kg7 34. Rb8 Rb2 35. Bc5 Be5 36. Rxb7 Bxh2+ 37. Kf1 Be5 38. b4 h5 39. Re7 Kf6 40. Rd7 h4 0-1

[Event "Monsaraz Rapid op"]
[Site "Monsaraz"]
[Date "2023.11.25"]
[Round "2"]
[White "Aakash Sharadchandra, Dalvi"]
[Black "Adomeit, Dmitri"]
[Result "1-0"]
[WhiteElo "2114"]
[BlackElo "1690"]
[PlyCount "67"]
[EventDate "2023.11.25"]
[EventType "swiss (rapid)"]
[EventRounds "9"]
[EventCountry "POR"]
[SourceTitle "CB48_2023"]
[SourceDate "2023.11.29"]
[SourceVersion "1"]
[SourceVersionDate "2023.11.29"]
[SourceQuality "1"]

1. d4 Nf6 2. c4 e5 3. dxe5 Ne4 4. Nd2 Bb4 5. Ngf3 0-0 6. a3 Bxd2+ 7. Bxd2 b6 8. e3 Bb7 9. Bd3 Nxd2 10. Qxd2 Qe7 11. Qc2 g6 12. Be4 Bxe4 13. Qxe4 Nc6 14. Rd1 Rad8 15. 0-0 Rfe8 16. Rd5 f6 17. Rfd1 d6 18. h4 Nxe5 19. Nxe5 fxe5 20. b4 Rf8 21. R1d2 Qf6 22. Qg4 Kg7 23. g3 Qf5 24. Qxf5 Rxf5 25. c5 bxc5 26. bxc5 Rf6 27. Rxe5 Kf7 28. cxd6 Rfxd6 29. Rxd6 Rxd6 30. Ra5 a6 31. Rc5 Rd3 32. a4 Ra3 33. Rxc7+ Kg8 34. Rc4 1-0

[Event "Monsaraz Rapid op"]
[Site "Monsaraz"]
[Date "2023.11.25"]
[Round "7"]
[White "Arpan, Das Jr"]
[Black "Aakash Sharadchandra, Dalvi"]
[Result "0-1"]
[WhiteElo "2400"]
[BlackElo "2114"]
[PlyCount "72"]
[EventDate "2023.11.25"]
[EventType "swiss (rapid)"]
[EventRounds "9"]
[EventCountry "POR"]
[SourceTitle "CB48_2023"]
[SourceDate "2023.11.29"]
[SourceVersion "1"]
[SourceVersionDate "2023.11.29"]
[SourceQuality "1"]

1. e4 c5 2. Nf3 e6 3. d4 cxd4 4. Nxd4 a6 5. Bd3 Nf6 6. e5 Qa5+ 7. c3 Qxe5+ 8. Be2 Be7 9. Nd2 0-0 10. Nc4 Qc7 11. f4 b5 12. Ne5 d6 13. Nef3 Bb7 14. 0-0 Nc6 15. Kh1 Rfe8 16. Be3 Rac8 17. Bg1 Nxd4 18. Nxd4 Be4 19. Bf3 d5 20. Bxe4 Nxe4 21. Qe2 Qc4 22. Qh5 Bf6 23. Nf3 g6 24. Qh6 Bg7 25. Qh3 b4 26. Ne5 Qb5 27. Bd4 Rc7 28. g4 h6 29. g5 h5 30. Qe3 Rec8 31. Rfc1 a5 32. Kg1 Bf8 33. c4 Qb7 34. b3 Nd6 35. Nd3 Nf5 36. Qe5 Bg7 0-1

[Event "Monsaraz Rapid op"]
[Site "Monsaraz"]
[Date "2023.11.25"]
[Round "3"]
[White "Bernadskiy, Vitaliy"]
[Black "Aakash Sharadchandra, Dalvi"]
[Result "1/2-1/2"]
[WhiteElo "2546"]
[BlackElo "2114"]
[PlyCount "119"]
[EventDate "2023.11.25"]
[EventType "swiss (rapid)"]
[EventRounds "9"]
[EventCountry "POR"]
[SourceTitle "CB48_2023"]
[SourceDate "2023.11.29"]
[SourceVersion "1"]
[SourceVersionDate "2023.11.29"]
[SourceQuality "1"]

1. e4 c5 2. Nf3 e6 3. c3 Nf6 4. e5 Nd5 5. g3 d6 6. Bg2 Nc6 7. exd6 Bxd6 8. 0-0 0-0 9. d4 cxd4 10. Nxd4 Nxd4 11. Qxd4 Qc7 12. Nd2 Bd7 13. Qg4 Nf6 14. Qe2 Bc6 15. Nf3 Rfd8 16. Bg5 Be7 17. Rfe1 h6 18. Be3 Bd5 19. Bd4 a6 20. a4 Rac8 21. a5 Qc4 22. Qxc4 Rxc4 23. Bb6 Rd6 24. Rad1 Nd7 25. Be3 g5 26. h4 f6 27. hxg5 hxg5 28. Nd2 Rc8 29. Ne4 Rdc6 30. Bd4 Kf7 31. b4 f5 32. Nd2 Bxg2 33. Kxg2 g4 34. Rh1 Kg6 35. Rde1 Bf6 36. Bxf6 Nxf6 37. Nb3 Ne4 38. Nc5 Nxc5 39. bxc5 Re8 40. Re5 Kf6 41. Rhe1 Rd8 42. R5e2 Rd5 43. Rb1 Rc7 44. Rb6 Re5 45. Reb2 Rexc5 46. Rxb7 Rxb7 47. Rxb7 Rxa5 48. Rb6 Ke5 49. c4 Ra4 50. c5 a5 51. c6 Rc4 52. Rb5+ Kf6 53. Rxa5 Rxc6 54. Rb5 Rc2 55. Ra5 e5 56. Ra6+ Kg5 57. Ra5 Re2 58. Kf1 Re4 59. Kg2 Re2 60. Kf1 1/2-1/2

[Event "Monsaraz op"]
[Site "Monsaraz"]
[Date "2023.11.24"]
[Round "5"]
[White "De Oliveira, Jairo Quintiliano"]
[Black "Aakash Sharadchandra, Dalvi"]
[Result "0-1"]
[WhiteElo "1857"]
[BlackElo "2114"]
[PlyCount "96"]
[EventDate "2023.11.21"]
[EventType "swiss"]
[EventRounds "9"]
[EventCountry "POR"]
[SourceTitle "CB49_2023"]
[SourceDate "2023.12.06"]
[SourceVersion "1"]
[SourceVersionDate "2023.12.06"]
[SourceQuality "1"]

1. e4 c5 2. Nf3 e6 3. d4 cxd4 4. Nxd4 a6 5. Bd3 Nf6 6. 0-0 Qc7 7. Qe2 d6 8. Nc3 Be7 9. a4 b6 10. f4 Nbd7 11. Nf3 Bb7 12. Bd2 0-0 13. Rae1 Nc5 14. e5 Nxd3 15. cxd3 Nd7 16. d4 Rac8 17. b3 Rfe8 18. Rc1 Qb8 19. Ne4 Rxc1 20. Rxc1 Bd5 21. Nc3 Bb7 22. Ne4 dxe5 23. fxe5 h6 24. Bf4 Rc8 25. Rxc8+ Qxc8 26. Nd6 Qc7 27. Nxb7 Qxb7 28. Nd2 b5 29. axb5 axb5 30. Qd3 Qd5 31. Qc3 Nb6 32. Be3 Qa8 33. Bf2 Nd5 34. Qd3 Qc6 35. Bg3 Qc1+ 36. Nf1 b4 37. Qc4 Qd1 38. Bf2 Bg5 39. g3 h5 40. Kg2 h4 41. gxh4 Qg4+ 42. Bg3 Qe4+ 43. Kf2 Bxh4 44. Kg1 Bg5 45. Kf2 Ne3 46. Nxe3 Bxe3+ 47. Kf1 Bxd4 48. Qxb4 Qf3+ 0-1

[Event "Belgrade Serbia op"]
[Site "Belgrade"]
[Date "2023.07.23"]
[Round "8"]
[White "Shohat, Yotam"]
[Black "Aakash Sharadchandra, Dalvi"]
[Result "1-0"]
[WhiteElo "2363"]
[BlackElo "2210"]
[PlyCount "73"]
[EventDate "2023.07.16"]
[EventType "swiss"]
[EventRounds "9"]
[EventCountry "SRB"]
[SourceTitle "CBM 215 Extra"]
[Source "ChessBase"]
[SourceDate "2023.09.30"]
[SourceVersion "1"]
[SourceVersionDate "2023.09.30"]
[SourceQuality "1"]

1. e4 c5 2. Nf3 d6 3. d4 cxd4 4. Nxd4 Nf6 5. Nc3 a6 6. Be3 e5 7. Nf3 Qc7 8. a4 h6 9. Be2 Be7 10. 0-0 0-0 11. a5 Be6 12. Nd5 Bxd5 13. exd5 Nbd7 14. c4 Ng4 15. Bd2 f5 16. Qc2 Rf7 17. h3 Ngf6 18. Nh4 f4 19. Ng6 Nf8 20. Rfc1 Nxg6 21. Qxg6 Nh7 22. Bg4 Rf6 23. Qc2 f3 24. g3 Rff8 25. Be3 Bg5 26. Bb6 Qe7 27. Re1 Kh8 28. c5 Nf6 29. Be6 Nd7 30. cxd6 Qxd6 31. Qc7 Qxc7 32. Bxc7 Nc5 33. Bg4 Nd3 34. Re4 Nc5 35. Rc4 Nb3 36. Rd1 Rae8 37. d6 1-0

[Event "Belgrade Serbia op"]
[Site "Belgrade"]
[Date "2023.07.22"]
[Round "7"]
[White "Simonovic, Miroslav"]
[Black "Aakash Sharadchandra, Dalvi"]
[Result "0-1"]
[WhiteElo "2082"]
[BlackElo "2210"]
[PlyCount "64"]
[EventDate "2023.07.16"]
[EventType "swiss"]
[EventRounds "9"]
[EventCountry "SRB"]
[SourceTitle "CBM 215 Extra"]
[Source "ChessBase"]
[SourceDate "2023.09.30"]
[SourceVersion "1"]
[SourceVersionDate "2023.09.30"]
[SourceQuality "1"]

1. c4 Nf6 2. Nc3 e6 3. e4 d5 4. e5 d4 5. exf6 dxc3 6. fxg7 cxd2+ 7. Bxd2 Bxg7 8. Qb3 Nc6 9. Nf3 Nd4 10. Nxd4 Qxd4 11. Bc3 Qe4+ 12. Be2 e5 13. Bd2 0-0 14. Be3 a5 15. Bf3 Qg6 16. h4 a4 17. Qb4 h5 18. c5 Bf5 19. Bxb7 Rab8 20. c6 Qxg2 21. 0-0-0 Qxc6+ 22. Bxc6 Rxb4 23. Bd5 c6 24. a3 cxd5 25. axb4 d4 26. Bg5 f6 27. Kd2 fxg5 28. hxg5 Bg4 29. Rdf1 e4 30. Ra1 Rxf2+ 31. Kc1 d3 32. Rxa4 Rc2+ 0-1

[Event "Belgrade Serbia op"]
[Site "Belgrade"]
[Date "2023.07.20"]
[Round "5"]
[White "Aakash Sharadchandra, Dalvi"]
[Black "Jocev, Milan"]
[Result "1/2-1/2"]
[WhiteElo "2210"]
[BlackElo "2321"]
[PlyCount "77"]
[EventDate "2023.07.16"]
[EventType "swiss"]
[EventRounds "9"]
[EventCountry "SRB"]
[SourceTitle "CBM 215 Extra"]
[Source "ChessBase"]
[SourceDate "2023.09.30"]
[SourceVersion "1"]
[SourceVersionDate "2023.09.30"]
[SourceQuality "1"]

1. d4 Nf6 2. c4 e6 3. Nf3 d5 4. Nc3 c5 5. cxd5 exd5 6. Bg5 Be6 7. e4 Be7 8. Bb5+ Nc6 9. exd5 Nxd5 10. Bxe7 Qxe7 11. 0-0 0-0 12. Re1 Nxc3 13. bxc3 Qd6 14. Ng5 Bf5 15. Qf3 Bg6 16. d5 Ne7 17. Rad1 Rad8 18. Bd3 Rd7 19. Qh3 h6 20. Bxg6 Nxg6 21. Ne4 Qc7 22. Nxc5 Rdd8 23. Qe3 b6 24. Ne4 Rfe8 25. d6 Qc6 26. Qf3 Kh8 27. h3 Ne5 28. Qf4 Qc4 29. Rd4 Qxa2 30. Red1 Qe6 31. Ng3 a5 32. Rd5 Nd7 33. Nh5 Qg6 34. R1d3 Re4 35. Qd2 Ne5 36. Ng3 Nxd3 37. Nxe4 Qxe4 38. Rxd3 a4 39. Rd4 1/2-1/2

[Event "Paracin op 16th"]
[Site "Paracin"]
[Date "2023.07.12"]
[Round "6"]
[White "Srdanovic, Jovana"]
[Black "Aakash Sharadchandra, Dalvi"]
[Result "1-0"]
[WhiteElo "2032"]
[BlackElo "2210"]
[PlyCount "85"]
[EventDate "2023.07.07"]
[EventType "swiss"]
[EventRounds "9"]
[EventCountry "SRB"]
[SourceTitle "EXT 2024"]
[Source "ChessBase"]
[SourceDate "2023.10.10"]
[SourceVersion "1"]
[SourceVersionDate "2023.10.10"]
[SourceQuality "1"]

1. d4 Nf6 2. c4 g6 3. Nc3 Bg7 4. e4 d6 5. Be2 0-0 6. Be3 c5 7. d5 e6 8. Nf3 exd5 9. cxd5 Bg4 10. 0-0 Bxf3 11. Bxf3 Nbd7 12. Bf4 Qe7 13. Qb3 Ne5 14. Be2 a6 15. a4 Rfe8 16. Rae1 Qc7 17. Bg3 c4 18. Qb4 Rac8 19. f4 Ned7 20. Bf3 Nc5 21. Qxc4 Qb6 22. Bf2 Qxb2 23. Nd1 Qd2 24. e5 Nce4 25. Qd4 Qxd4 26. Bxd4 Nd2 27. exf6 Nxf1 28. Rxe8+ Rxe8 29. Kxf1 Bh6 30. g3 g5 31. Ne3 gxf4 32. Nf5 Bf8 33. a5 fxg3 34. hxg3 h6 35. Bh5 Re4 36. Kf2 Re8 37. g4 Re4 38. Be3 Rc4 39. Kf3 Rc7 40. Bxh6 b5 41. axb6 Rb7 42. Be3 a5 43. Ke2 1-0

[Event "Paracin op 16th"]
[Site "Paracin"]
[Date "2023.07.10"]
[Round "4"]
[White "Arnaudov, Petar G"]
[Black "Aakash Sharadchandra, Dalvi"]
[Result "1-0"]
[WhiteElo "2450"]
[BlackElo "2210"]
[PlyCount "65"]
[EventDate "2023.07.07"]
[EventType "swiss"]
[EventRounds "9"]
[EventCountry "SRB"]
[SourceTitle "EXT 2024"]
[Source "ChessBase"]
[SourceDate "2023.10.10"]
[SourceVersion "1"]
[SourceVersionDate "2023.10.10"]
[SourceQuality "1"]

1. Nf3 d5 2. g3 Nf6 3. Bg2 Bf5 4. c4 c6 5. cxd5 cxd5 6. Qb3 Qc8 7. Nc3 e6 8. d3 Be7 9. Bf4 0-0 10. 0-0 Nc6 11. Rac1 Qd7 12. e4 Bg4 13. Ne5 Nxe5 14. Bxe5 dxe4 15. dxe4 Bc5 16. h3 Bh5 17. Bxf6 gxf6 18. Nd5 Bd4 19. Qd3 Bxf2+ 20. Rxf2 exd5 21. Qxd5 Qxd5 22. exd5 Rac8 23. Rfc2 Rce8 24. d6 Re6 25. Rd2 Rd8 26. d7 Kf8 27. Rc8 Ke7 28. Rxd8 Kxd8 29. Bxb7 Be2 30. a4 a5 31. b3 Re3 32. Kf2 Rxb3 33. Bd5 1-0

[Event "Paracin op 16th"]
[Site "Paracin"]
[Date "2023.07.08"]
[Round "3"]
[White "Aakash Sharadchandra, Dalvi"]
[Black "Becker, Marcel"]
[Result "1/2-1/2"]
[WhiteElo "2210"]
[BlackElo "2323"]
[PlyCount "46"]
[EventDate "2023.07.07"]
[EventType "swiss"]
[EventRounds "9"]
[EventCountry "SRB"]
[SourceTitle "EXT 2024"]
[Source "ChessBase"]
[SourceDate "2023.10.10"]
[SourceVersion "1"]
[SourceVersionDate "2023.10.10"]
[SourceQuality "1"]

1. d4 d5 2. c4 c6 3. Nf3 Nf6 4. Nc3 dxc4 5. a4 Bf5 6. e3 e6 7. Bxc4 Bb4 8. 0-0 0-0 9. Nh4 Nbd7 10. h3 Bg6 11. Nxg6 hxg6 12. Qe2 a5 13. Rd1 Qb6 14. e4 e5 15. d5 Rad8 16. Bg5 Nc5 17. Qe3 Ncd7 18. Qf3 Qc5 19. Bb3 Qe7 20. Na2 Bd6 21. Nc3 Bb4 22. Na2 Bd6 23. Nc3 Bb4 1/2-1/2

[Event "Paracin op 16th"]
[Site "Paracin"]
[Date "2023.07.08"]
[Round "2"]
[White "Saksham, Singh"]
[Black "Aakash Sharadchandra, Dalvi"]
[Result "0-1"]
[WhiteElo "1859"]
[BlackElo "2210"]
[PlyCount "86"]
[EventDate "2023.07.07"]
[EventType "swiss"]
[EventRounds "9"]
[EventCountry "SRB"]
[SourceTitle "EXT 2024"]
[Source "ChessBase"]
[SourceDate "2023.10.10"]
[SourceVersion "1"]
[SourceVersionDate "2023.10.10"]
[SourceQuality "1"]

1. e4 c5 2. Nf3 e6 3. d4 cxd4 4. Nxd4 a6 5. Bd3 Nf6 6. 0-0 Qc7 7. Qe2 d6 8. c4 g6 9. Nc3 Bg7 10. Nb3 0-0 11. f4 Nbd7 12. Be3 b6 13. g4 Bb7 14. g5 Nh5 15. Qf2 f6 16. h4 fxg5 17. hxg5 Nxf4 18. Bxf4 e5 19. Qh4 exf4 20. Rxf4 Rxf4 21. Qxf4 Rf8 22. Qg3 Be5 23. Qh3 Nc5 24. Rf1 Rxf1+ 25. Kxf1 Bc8 26. Qf3 Qe7 27. Nxc5 bxc5 28. Qg2 Bf4 29. Nd5 Qxg5 30. Qxg5 Bxg5 31. a3 a5 32. b4 cxb4 33. axb4 axb4 34. Nxb4 Kg7 35. Nd5 h5 36. e5 dxe5 37. c5 Be6 38. Nc7 Bh3+ 39. Kf2 Bd7 40. Be4 Bd8 41. Na6 Bb5 42. Nb4 Be7 43. c6 Bxb4 0-1

[Event "Vojvodina op 13th"]
[Site "Novi Sad"]
[Date "2023.07.01"]
[Round "3"]
[White "Bryakin, Mikhail"]
[Black "Aakash Sharadchandra, Dalvi"]
[Result "1/2-1/2"]
[WhiteElo "2454"]
[BlackElo "2210"]
[PlyCount "187"]
[EventDate "2023.06.29"]
[EventType "swiss"]
[EventRounds "9"]
[EventCountry "SRB"]
[SourceTitle "CBM 215 Extra"]
[Source "ChessBase"]
[SourceDate "2023.09.30"]
[SourceVersion "1"]
[SourceVersionDate "2023.09.30"]
[SourceQuality "1"]

1. d4 Nf6 2. c4 e6 3. Nc3 Bb4 4. Bd2 0-0 5. Nf3 d5 6. e3 b6 7. cxd5 exd5 8. Bd3 Bd6 9. Ne5 c5 10. f4 Bb7 11. 0-0 Nc6 12. Ne2 Ne4 13. Bc3 Rc8 14. Rc1 Qe7 15. Bxe4 dxe4 16. Ng3 f5 17. Qh5 Qe8 18. Nc4 Bb8 19. dxc5 bxc5 20. Rfd1 Qe6 21. Qg5 Qg6 22. Nh5 Rc7 23. h4 Nb4 24. Be5 Nd3 25. Bxc7 Bxc7 26. Rc2 Bd8 27. Qxg6 hxg6 28. Ng3 Bxh4 29. Ne2 Bf6 30. b3 Bc6 31. Rcd2 g5 32. g3 Be8 33. fxg5 Bxg5 34. Nf4 Bxf4 35. exf4 Bb5 36. Ne3 g5 37. Rf1 Kg7 38. Rh2 Kg6 39. Kg2 Nxf4+ 40. gxf4 Bxf1+ 41. Kxf1 gxf4 42. Nd5 f3 43. Nf4+ Kf6 44. Kf2 Rg8 45. Ke3 Rg4 46. Rh6+ Kg7 47. Rh1 Kf6 48. Rh6+ Kg7 49. Rh1 Kf6 50. Rd1 Kg5 51. Ne6+ Kf6 52. Nxc5 Ke5 53. Nd7+ Ke6 54. Nb8 Rg2 55. Nc6 Rxa2 56. Kf4 Rb2 57. Nd4+ Kf6 58. Ra1 f2 59. Ra6+ Ke7 60. Rxa7+ Kd6 61. Nxf5+ Kc5 62. Ra1 Rxb3 63. Kxe4 Rb4+ 64. Ke3 Rb2 65. Ng3 Kd5 66. Ra5+ Ke6 67. Ra1 Ke5 68. Ne2 Rb3+ 69. Kxf2 Kd5 70. Ra4 Ke5 71. Nf4 Kf5 72. Nd5 Ke5 73. Ne3 Rb8 74. Ng4+ Kd5 75. Ke3 Rb1 76. Ra5+ Ke6 77. Nf2 Re1+ 78. Kd4 Rb1 79. Nd3 Rd1 80. Ke4 Kf6 81. Rf5+ Ke6 82. Re5+ Kf6 83. Rd5 Ra1 84. Rd4 Ra8 85. Ne5 Re8 86. Rd5 Ke6 87. Ra5 Kd6 88. Rd5+ Ke6 89. Rc5 Kf6 90. Ra5 Re7 91. Kf4 Ke6 92. Nd3 Kd6 93. Re5 Rxe5 94. Nxe5 1/2-1/2

[Event "Veliko Gradiste Silver Lake op-A"]
[Site "Veliko Gradiste"]
[Date "2023.06.22"]
[Round "6"]
[White "Srivatsan, Karthikeyan"]
[Black "Aakash Sharadchandra, Dalvi"]
[Result "1-0"]
[WhiteElo "2001"]
[BlackElo "2264"]
[PlyCount "55"]
[EventDate "2023.06.18"]
[EventType "swiss"]
[EventRounds "9"]
[EventCountry "SRB"]
[SourceTitle "CBM 215 Extra"]
[Source "ChessBase"]
[SourceDate "2023.09.30"]
[SourceVersion "1"]
[SourceVersionDate "2023.09.30"]
[SourceQuality "1"]

1. e4 c5 2. Nf3 e6 3. d4 cxd4 4. Nxd4 Nf6 5. Nc3 d6 6. Be3 a6 7. Be2 Qc7 8. f3 Be7 9. Qd2 0-0 10. 0-0 Nbd7 11. a4 b6 12. Rfd1 Bb7 13. a5 b5 14. Ndxb5 axb5 15. Nxb5 Qc6 16. Nxd6 Ba6 17. c4 Nc5 18. Qb4 Nb7 19. e5 Rfd8 20. Qb6 Qxb6 21. axb6 Nxd6 22. exd6 Bxd6 23. Rxd6 Rxd6 24. c5 Bb7 25. Rxa8+ Bxa8 26. cxd6 Bb7 27. Bb5 Kf8 28. Bc5 1-0

[Event "Veliko Gradiste Silver Lake op-A"]
[Site "Veliko Gradiste"]
[Date "2023.06.18"]
[Round "1"]
[White "Aakash Sharadchandra, Dalvi"]
[Black "Sahin, Sarp"]
[Result "1/2-1/2"]
[WhiteElo "2264"]
[BlackElo "1921"]
[PlyCount "117"]
[EventDate "2023.06.18"]
[EventType "swiss"]
[EventRounds "9"]
[EventCountry "SRB"]
[SourceTitle "CBM 215 Extra"]
[Source "ChessBase"]
[SourceDate "2023.09.30"]
[SourceVersion "1"]
[SourceVersionDate "2023.09.30"]
[SourceQuality "1"]

1. d4 d5 2. c4 c6 3. Nf3 Nf6 4. Nc3 e6 5. Bg5 h6 6. Bh4 Be7 7. e3 Nbd7 8. Qc2 0-0 9. cxd5 exd5 10. Bd3 Re8 11. 0-0 Ne4 12. Bxe7 Qxe7 13. Rab1 a5 14. a3 b5 15. Ne2 Bb7 16. Rbc1 Nd6 17. a4 Rac8 18. b3 b4 19. Rfd1 c5 20. dxc5 Nxc5 21. Qb1 Nce4 22. Qb2 Rxc1 23. Rxc1 Rc8 24. Rxc8+ Bxc8 25. Qd4 Qf6 26. Nf4 Qxd4 27. Nxd4 Bb7 28. Bb5 Nc5 29. Nd3 Nxd3 30. Bxd3 Kf8 31. Kf1 Ke7 32. Ke2 g6 33. h4 h5 34. Kf3 f5 35. Kf4 Kf6 36. Bb5 Ne4 37. f3 Nc5 38. Be2 Ba8 39. Kg3 Bb7 40. Kf2 Ke5 41. Ke1 Kd6 42. Kd2 Ke5 43. Kc2 Kd6 44. Bb5 Nd7 45. Bxd7 Kxd7 46. Ne2 Ke6 47. Nf4+ Kf7 48. Kd3 Bc6 49. Kd4 Ke7 50. Nxg6+ Kd6 51. Nf4 Be8 52. Nd3 Bd7 53. Nf4 Be8 54. Ne2 Bg6 55. Nc1 Be8 56. Nd3 Bd7 57. Ne5 Be6 58. Ng6 Bf7 59. Nf4 1/2-1/2

[Event "Paracin op-A 15th"]
[Site "Paracin"]
[Date "2022.07.09"]
[Round "2"]
[White "Harshavardhan, GB."]
[Black "Aakash Sharadchandra, Dalvi"]
[Result "1-0"]
[WhiteElo "2397"]
[BlackElo "2110"]
[PlyCount "67"]
[EventDate "2022.07.08"]
[EventType "swiss"]
[EventRounds "9"]
[EventCountry "SRB"]
[SourceTitle "EXT 2023"]
[Source "ChessBase"]
[SourceDate "2022.10.05"]
[SourceVersion "1"]
[SourceVersionDate "2022.10.05"]
[SourceQuality "1"]

1. d4 Nf6 2. c4 e6 3. g3 d5 4. Bg2 dxc4 5. Nf3 c5 6. 0-0 Nc6 7. Qa4 cxd4 8. Nxd4 Bd7 9. Nxc6 bxc6 10. Qxc4 Nd5 11. Nc3 Be7 12. Bd2 0-0 13. Rfd1 Qc8 14. Rac1 Rd8 15. Na4 Qb7 16. Ba5 Rdc8 17. e4 Nf6 18. Nc5 Bxc5 19. Qxc5 Qb5 20. b4 Qxc5 21. Rxc5 Rab8 22. f3 Be8 23. Bf1 Nd7 24. Rc2 Nb6 25. Rcd2 Kf8 26. Ba6 Rc7 27. b5 c5 28. Rc1 f6 29. Rdc2 Rd8 30. Rxc5 Rxc5 31. Rxc5 Rd1+ 32. Kf2 Ra1 33. Bb4 Kg8 34. a3 1-0

[Event "Paracin op-A 15th"]
[Site "Paracin"]
[Date "2022.07.08"]
[Round "1"]
[White "Aakash Sharadchandra, Dalvi"]
[Black "Kushagra, Mohan"]
[Result "1/2-1/2"]
[WhiteElo "2110"]
[BlackElo "2359"]
[PlyCount "126"]
[EventDate "2022.07.08"]
[EventType "swiss"]
[EventRounds "9"]
[EventCountry "SRB"]
[SourceTitle "EXT 2023"]
[Source "ChessBase"]
[SourceDate "2022.10.05"]
[SourceVersion "1"]
[SourceVersionDate "2022.10.05"]
[SourceQuality "1"]

1. d4 f5 2. c4 Nf6 3. g3 g6 4. Bg2 Bg7 5. Nf3 0-0 6. 0-0 d6 7. Nc3 Qe8 8. d5 Na6 9. Nd4 Bd7 10. e4 fxe4 11. Nxe4 Nxe4 12. Bxe4 c6 13. Bg2 Nc7 14. dxc6 bxc6 15. Re1 Rb8 16. Nb3 Qf7 17. f4 Rbe8 18. Qc2 Bf5 19. Be4 Bxe4 20. Qxe4 d5 21. cxd5 cxd5 22. Qc2 e5 23. fxe5 Rxe5 24. Be3 Ne6 25. Rf1 Rf5 26. Rxf5 gxf5 27. Rf1 h5 28. Qg2 d4 29. Bd2 h4 30. gxh4 f4 31. Bb4 Rc8 32. Qg4 Kh8 33. Nc5 Rxc5 34. Bxc5 Nxc5 35. Rxf4 Qe8 36. Qf5 d3 37. Qxc5 d2 38. Rf1 Qg6+ 39. Qg5 Qe4 40. Qd8+ Kh7 41. Qxd2 Bd4+ 42. Rf2 Qb1+ 43. Kg2 Qg6+ 44. Kf1 Qb1+ 45. Qe1 Qd3+ 46. Qe2 Qb1+ 47. Kg2 Qg6+ 48. Kh1 Bxf2 49. Qxf2 Qe4+ 50. Kg1 Qb1+ 51. Kg2 Qxa2 52. Qf5+ Kh6 53. Qf6+ Kh7 54. Kg3 Qg8+ 55. Kf4 Qb8+ 56. Qe5 Qb6 57. h5 Qf2+ 58. Ke4 Qe2+ 59. Kd5 Qb5+ 60. Ke6 Qe8+ 61. Kf6 Qh8+ 62. Kf5 Qc8+ 63. Qe6 Qc2+ 1/2-1/2